00390nam a2200157Ia 45000010006000000050017000060080041000230410008000640820019000721000027000912450057001182600009001753000034001846500006002186540008002242284720260414150858.0260414t2018||||xx |||||||||||||| ||spa|| aESP a624.15136bC73 aCoduto, Donald P.eAUT 0aGeotechnical engineering :bprinciples and practices c2018 axxiv, 784 páginas :c23 cm. a0 aCIC